000 00452cam a22001217a 4500
008 180718b1972 xxu||||| |||| 00| 0 eng d
082 _aA81x54 In2/71/24/PT4A&B
100 _aCensus of India 1971
245 _aArunachal Pradesh: housing report and housing subsidiary tables, housing tables
260 _aDelhi
_bThe Manager of Publications
_c1972
300 _a181+p.
440 _aCensus of India 1971. Series-24, Arunachal Pradesh. Part IV A & Part IV B
999 _c485601
_d485601